| 000 | 01076nam a22003011 4500 | ||
|---|---|---|---|
| 001 | 35675 | ||
| 003 | BD-RjUL | ||
| 005 | 20211209052348.0 | ||
| 008 | 140529s1963 enk b 001 0 eng | ||
| 035 | _a(BD-RjUL)35770 | ||
| 035 | _a(OCoLC)5766671 | ||
| 040 |
_aDLC _cNIC _dOCoLC _dUk _dOCoLC _dDLC _dBD-RjUL _beng |
||
| 041 | _aeng | ||
| 082 |
_a306.4 _bSMP 1963 |
||
| 100 | 1 |
_aSmith, T. E. _q(Thomas Edward), _d1916- _9108264 |
|
| 245 | 1 | 0 |
_aPopulation characteristics of the Commonwealth countries of tropical Africa / _cby T.E. Smith and J.G.C. Blacker. |
| 260 |
_aLondon : _bPublished for the Institute of Commonwealth Studies, Athlone Press, _c1963. |
||
| 300 |
_a72 p. ; _c22 cm. |
||
| 490 | 1 |
_aUniversity of London. Institute of Commonwealth Studies. Commonwealth papers, _v9 |
|
| 504 | _aBibliographical footnotes. | ||
| 651 | 0 |
_aAfrica, West _xPopulation. _9108671 |
|
| 651 | 0 |
_aTanzania _xPopulation. _9108672 |
|
| 651 | 0 |
_aUganda _xPopulation. _9108673 |
|
| 700 | 1 |
_aBlacker, J. G. C. _9108674 |
|
| 942 |
_2ddc _cBK |
||
| 999 |
_c35675 _d35675 |
||